Investovanie na kapitálovom trhu prostredníctvom dohliadaných subjektov v zákonoch regulujúcich kapitálový trh
Vymedzenie pojmu regulácia kapitálového trhu. Regulované subjekty kapitálového trhu. Centrálny depozitár cenných papierov. Obchodník s cennými papiermi. Finančné sprostredkovanie a poradenstvo. Emitenti cenných papierov. Verejná ponuka.
Salvato in:
| Autore principale: | |
|---|---|
| Altri autori: | |
| Natura: | Capitolo di libro |
| Lingua: | slovacco |
| Soggetti: | |
| Tags: |
Nessun Tag, puoi essere il primo ad aggiungerne!!
|
MARC
| LEADER | 00000naa$a2200000$$$4500 | ||
|---|---|---|---|
| 001 | 0114281 | ||
| 005 | 20231116085936.8 | ||
| 041 | 0 | |a slo | |
| 044 | |a SK | ||
| 245 | 1 | 0 | |a Investovanie na kapitálovom trhu prostredníctvom dohliadaných subjektov v zákonoch regulujúcich kapitálový trh |c Ľubomír Čunderlík, Martin Šimkovič |
| 520 | |a Vymedzenie pojmu regulácia kapitálového trhu. Regulované subjekty kapitálového trhu. Centrálny depozitár cenných papierov. Obchodník s cennými papiermi. Finančné sprostredkovanie a poradenstvo. Emitenti cenných papierov. Verejná ponuka. | ||
| 610 | 2 | 0 | |a regulácia trhu |
| 610 | 2 | 0 | |a trh kapitálový |
| 610 | 2 | 0 | |a investovanie |
| 610 | 2 | 0 | |a depozitá |
| 610 | 2 | 0 | |a papiere cenné |
| 610 | 2 | 0 | |a poradenstvo finančné |
| 100 | 1 | |a Čunderlík, Ľubomír | |
| 700 | 1 | |a Šimkovič, Martin | |